Sports Quiz

Random Sports or MLB Quiz

1980's 20 win seasons by Topps card Quiz Stats

 Plays Quiz not verified by Sporcle

Score 0/29 Timer 10:00
6 Plays Today
% Correct
Roger Clemens
93.7%
Steve Carlton
88.4%
Dwight Gooden
87.8%
Dave Stewart
85.7%
Bret Saberhagen
84.9%
Jack Morris
79.7%
Ron Guidry
78.6%
Fernando Valenzuela
78.5%
Orel Hershiser
74.9%
Rick Sutcliffe
71%
David Cone
70.6%
Frank Viola
65%
Mike Scott
55.1%
Joaquin Andujar
54.2%
Steve Stone
52%
% Correct
John Tudor
49.9%
Tom Browning
48.9%
Tommy John
47%
LaMarr Hoyt
46.2%
Teddy Higuera
45%
Joe Niekro
40.1%
Mark Gubicza
37.2%
Danny Jackson
31.8%
Mike Boddicker
31.3%
Dennis Leonard
30.9%
Mike Norris
29.1%
Mike Krukow
25.6%
Scott McGregor
25.1%
Richard Dotson
18.6%

You're not logged in!

Compare scores with friends on all Sporcle quizzes.
OR
Log In

Show Comments

Extras

Top Quizzes Today


Score Distribution

Your Account Isn't Verified!

In order to create a playlist on Sporcle, you need to verify the email address you used during registration. Go to your Sporcle Settings to finish the process.

Report this User

Report this user for behavior that violates our Community Guidelines.

Details: